000 00293nam a22001337a 4500
008 181023b xxu||||| |||| 00| 0 eng d
020 _a9780321568977
041 _aeng
080 _a510
100 _a49
101 _aMAT
245 _aBiltzer College Algebra
_cRobert.B
942 _2udc
_cBK
999 _c50760
_d50760